Catalog

Record Details

Catalog Search



Geriatric Oncology Treatment, Assessment and Management  Cover Image E-book E-book

Geriatric Oncology Treatment, Assessment and Management

Hurria, Arti. (editor.). Balducci, Lodovico. (editor.). SpringerLink (Online service) (Added Author).

Record details

  • ISBN: 9780387890708
  • Physical Description: electronic
    electronic resource
    access
    remote
    online resource.
  • Publisher: Boston, MA : Springer US, 2009.
Subject: Medicine
Geriatrics
Internal medicine
Oncology
Medicine & Public Health
Geriatrics/Gerontology
Oncology
Internal Medicine

Electronic resources


LDR 01398nam a22004095i 4500
00111191
003CONS
00520131218215356.0
007cr nn 008mamaa
008100301s2009 xxu| s |||| 0|eng d
020 . ‡a9780387890708 ‡9978-0-387-89070-8
0247 . ‡a10.1007/978-0-387-89070-8 ‡2doi
035 . ‡a(DE-He213)978-0-387-89070-8
050 4. ‡aRC952-954.6
072 7. ‡aMJX ‡2bicssc
072 7. ‡aMED032000 ‡2bisacsh
1001 . ‡aHurria, Arti. ‡eeditor.
24510. ‡aGeriatric Oncology ‡h[electronic resource] : ‡bTreatment, Assessment and Management / ‡cedited by Arti Hurria, Lodovico Balducci.
264 1. ‡aBoston, MA : ‡bSpringer US, ‡c2009.
300 . ‡bonline resource.
336 . ‡atext ‡btxt ‡2rdacontent
337 . ‡acomputer ‡bc ‡2rdamedia
338 . ‡aonline resource ‡bcr ‡2rdacarrier
347 . ‡atext file ‡bPDF ‡2rda
650 0. ‡aMedicine.
650 0. ‡aGeriatrics.
650 0. ‡aInternal medicine.
650 0. ‡aOncology.
65014. ‡aMedicine & Public Health.
65024. ‡aGeriatrics/Gerontology.
65024. ‡aOncology.
65024. ‡aInternal Medicine.
7001 . ‡aBalducci, Lodovico. ‡eeditor.
7102 . ‡aSpringerLink (Online service)
7730 . ‡tSpringer eBooks
77608. ‡iPrinted edition: ‡z9780387890692
85640. ‡uhttp://biblioteca.ipicyt.edu.mx:2048/login?url=http://dx.doi.org/10.1007/978-0-387-89070-8 ‡yTexto completo ‡9CONS
950 . ‡aMedicine (Springer-11650)
901 . ‡a11191 ‡b ‡c11191 ‡tbiblio ‡sSystem Local

Additional Resources